[Event "2. BUNDESLIGA MITTE 2017/2018"]
[Site "St. Valentin, Pinggau/Villach/Taufkirchen, Fuerstenfeld, St. Veit"]
[Date "2017.10.27"]
[Round "1"]
[Board "1"]
[White "Buhmann, Rainer"]
[Black "Heinemann, Thies"]
[Result "1/2-1/2"]
[WhiteElo "2589"]
[BlackElo "2508"]
[PlyCount "60"]
[EventDate "2017.10.27"]
[EventType "team"]
[EventRounds "11"]
[EventCountry "AUT"]
[WhiteTeam "SC MPOE Maria Saal 2"]
[BlackTeam "RbEj Gleisdorf"]

1. Nf3 c5 2. c4 Nc6 3. d4 cxd4 4. Nxd4 Qb6 5. Nb3 e6 6. Nc3 Nf6 7. Bg5 Be7 8.
e3 O-O 9. Be2 Rd8 10. O-O d5 11. cxd5 Nxd5 12. Bxe7 Ncxe7 13. Nxd5 Nxd5 14. Qc2
Bd7 15. Qc5 Qxc5 16. Nxc5 Bc6 17. Rfc1 Kf8 18. a3 Rac8 19. Kf1 Ke7 20. Ke1 Nb6
21. f3 Na4 22. b4 Nxc5 23. Rxc5 b6 24. Rc3 Bb7 25. Rxc8 Rxc8 26. Kd2 Rd8+ 27.
Kc3 Rc8+ 28. Kd2 Rd8+ 29. Kc3 Rc8+ 30. Kd2 Rd8+  1/2-1/2

[Event "2. BUNDESLIGA MITTE 2017/2018"]
[Site "St. Valentin, Pinggau/Villach/Taufkirchen, Fuerstenfeld, St. Veit"]
[Date "2017.10.27"]
[Round "1"]
[Board "2"]
[White "Frosch, Ronald"]
[Black "Kreisl, Robert"]
[Result "1/2-1/2"]
[WhiteElo "2306"]
[BlackElo "2406"]
[PlyCount "64"]
[EventDate "2017.10.27"]
[EventType "team"]
[EventRounds "11"]
[EventCountry "AUT"]
[WhiteTeam "RbEj Gleisdorf"]
[BlackTeam "SC MPOE Maria Saal 2"]

1. d4 d5 2. Nf3 Nf6 3. e3 Bf5 4. c4 c6 5. Nc3 e6 6. cxd5 exd5 7. Bd3 Bxd3 8.
Qxd3 Bd6 9. Ne5 Bxe5 10. dxe5 Nfd7 11. e4 Nxe5 12. Qg3 Ng6 13. exd5 cxd5 14.
Bg5 f6 15. O-O-O O-O 16. Rxd5 Qc8 17. Be3 Nc6 18. Rhd1 Rf7 19. Kb1 Nge7 20. Rc5
Nf5 21. Qf3 Nxe3 22. Qxe3 Qg4 23. f3 Qxg2 24. Ne4 Kh8 25. Nd6 Re7 26. Qb3 h6
27. f4 Qe2 28. Rdc1 Rf8 29. R5c2 Qh5 30. Nxb7 Nd4 31. Qb4 Nxc2 32. Qxe7 Re8
 1/2-1/2

[Event "2. BUNDESLIGA MITTE 2017/2018"]
[Site "St. Valentin, Pinggau/Villach/Taufkirchen, Fuerstenfeld, St. Veit"]
[Date "2017.10.27"]
[Round "1"]
[Board "3"]
[White "Schachinger, Mario"]
[Black "Frosch, Erich"]
[Result "1/2-1/2"]
[WhiteElo "2394"]
[BlackElo "2202"]
[PlyCount "75"]
[EventDate "2017.10.27"]
[EventType "team"]
[EventRounds "11"]
[EventCountry "AUT"]
[WhiteTeam "SC MPOE Maria Saal 2"]
[BlackTeam "RbEj Gleisdorf"]

1. d4 Nf6 2. c4 e6 3. Nc3 d5 4. Bg5 Be7 5. e3 O-O 6. Rc1 Nbd7 7. cxd5 exd5 8.
Bd3 c6 9. Nf3 Re8 10. O-O Nf8 11. Ne5 N6d7 12. Bf4 Nxe5 13. Bxe5 Bd6 14. Bxd6
Qxd6 15. Ne2 Bg4 16. Re1 Bxe2 17. Rxe2 Re7 18. Qe1 Rae8 19. b4 Ne6 20. b5 c5
21. dxc5 Nxc5 22. Qb4 b6 23. Qd4 Ne6 24. Qh4 g6 25. Qf6 Rc7 26. Rxc7 Qxc7 27.
Rc2 Qe7 28. Qxe7 Rxe7 29. g3 d4 30. exd4 Nxd4 31. Rc8+ Kg7 32. Kg2 h5 33. h4
Ne6 34. Bc4 Nc5 35. Kf3 Ne4 36. Bd3 Nc5 37. Bc4 Ne4 38. Bd3  1/2-1/2

[Event "2. BUNDESLIGA MITTE 2017/2018"]
[Site "St. Valentin, Pinggau/Villach/Taufkirchen, Fuerstenfeld, St. Veit"]
[Date "2017.10.27"]
[Round "1"]
[Board "4"]
[White "Wegerer, Fred"]
[Black "Handler, Lukas"]
[Result "0-1"]
[WhiteElo "2135"]
[BlackElo "2392"]
[PlyCount "76"]
[EventDate "2017.10.27"]
[EventType "team"]
[EventRounds "11"]
[EventCountry "AUT"]
[WhiteTeam "RbEj Gleisdorf"]
[BlackTeam "SC MPOE Maria Saal 2"]

1. Nf3 Nf6 2. d4 d5 3. e3 a6 4. Bd3 Bg4 5. Nbd2 e6 6. O-O c5 7. c3 Nc6 8. h3
Bh5 9. Re1 Be7 10. a3 O-O 11. b4 e5 12. dxe5 Nxe5 13. Be2 Nxf3+ 14. Bxf3 Bxf3
15. Qxf3 Rc8 16. Bb2 Qb6 17. Rab1 c4 18. Red1 Qc6 19. Qf4 Bd6 20. Qf5 h6 21.
Nf3 g6 22. Qc2 Bb8 23. Rd4 Rfe8 24. Rbd1 Kg7 25. Bc1 Ba7 26. R4d2 Qc7 27. Re2
Rcd8 28. Bd2 Ne4 29. Be1 Bb8 30. a4 Ng5 31. Kf1 Nxf3 32. gxf3 Qh2 33. Red2 Rd6
34. Rb1 Rde6 35. b5 Bf4 36. bxa6 bxa6 37. Qb2 Qxh3+ 38. Ke2 Bxe3  0-1

[Event "2. BUNDESLIGA MITTE 2017/2018"]
[Site "St. Valentin, Pinggau/Villach/Taufkirchen, Fuerstenfeld, St. Veit"]
[Date "2017.10.27"]
[Round "1"]
[Board "5"]
[White "Halvax, Georg"]
[Black "Manhardt, Thomas"]
[Result "1-0"]
[WhiteElo "2434"]
[BlackElo "2220"]
[PlyCount "103"]
[EventDate "2017.10.27"]
[EventType "team"]
[EventRounds "11"]
[EventCountry "AUT"]
[WhiteTeam "SC MPOE Maria Saal 2"]
[BlackTeam "RbEj Gleisdorf"]

1. d4 f5 2. e4 fxe4 3. Nc3 Nf6 4. Bg5 Nc6 5. d5 Ne5 6. Qd4 Nf7 7. h4 c6 8.
O-O-O Qb6 9. Bxf6 gxf6 10. Qxe4 Bh6+ 11. Kb1 Bg7 12. Nge2 e6 13. dxe6 dxe6 14.
f4 f5 15. Qf3 O-O 16. h5 Nh6 17. Nc1 Kh8 18. Bc4 Ng4 19. Rhe1 e5 20. fxe5 Nxe5
21. Qf4 Qc5 22. Bb3 b5 23. Nd5 cxd5 24. h6 Ng6 25. hxg7+ Kxg7 26. Qg5 Bb7 27.
Nd3 Qd6 28. Rh1 Rf7 29. g3 Qf6 30. Qh5 Kh8 31. Nb4 Rd8 32. Bxd5 Bxd5 33. Nxd5
Qg7 34. Nf4 Rxd1+ 35. Rxd1 Nxf4 36. gxf4 Qg4 37. Qh1 Rg7 38. a3 h5 39. Rd8+ Kh7
40. Qa8 Qxf4 41. Rh8+ Kg6 42. Qc6+ Kf7 43. Qxb5 h4 44. Qd7+ Kf6 45. Qc6+ Kf7
46. Re8 Rg1+ 47. Ka2 Qd4 48. Qe6+ Kg7 49. Re7+ Kh8 50. Qh6+ Kg8 51. Qh7+ Kf8
52. Qf7#  1-0

[Event "2. BUNDESLIGA MITTE 2017/2018"]
[Site "St. Valentin, Pinggau/Villach/Taufkirchen, Fuerstenfeld, St. Veit"]
[Date "2017.10.27"]
[Round "1"]
[Board "6"]
[White "Wanderer, Thomas"]
[Black "Rieger, Robert"]
[Result "1-0"]
[WhiteElo "2213"]
[BlackElo "2296"]
[PlyCount "85"]
[EventDate "2017.10.27"]
[EventType "team"]
[EventRounds "11"]
[EventCountry "AUT"]
[WhiteTeam "RbEj Gleisdorf"]
[BlackTeam "SC MPOE Maria Saal 2"]

1. e4 c5 2. Nc3 Nc6 3. g3 g6 4. Bg2 Bg7 5. d3 d6 6. Be3 e5 7. Qd2 Nge7 8. f4
O-O 9. Nf3 Nd4 10. O-O Rb8 11. Rae1 b5 12. Nh4 exf4 13. Bxf4 b4 14. Nd1 Be6 15.
c3 bxc3 16. bxc3 Ndc6 17. Bh6 Bxh6 18. Qxh6 Ne5 19. Ne3 f6 20. d4 cxd4 21. cxd4
Nf7 22. Qf4 Nh8 23. Ng4 Bxg4 24. Qxg4 Qc8 25. Nf5 Nxf5 26. exf5 Kg7 27. Bd5 Qe8
28. Rb1 Qe7 29. Rbe1 Qd8 30. Re2 Rb5 31. Bc4 Rb4 32. Bb3 d5 33. fxg6 hxg6 34.
h4 f5 35. Qf4 Nf7 36. Re6 Qb8 37. Rxg6+ Kxg6 38. Qxf5+ Kg7 39. Qf6+ Kg8 40.
Qg6+ Kh8 41. Rf5 Rb6 42. Rh5+ Nh6 43. Rxh6#  1-0

[Event "2. BUNDESLIGA MITTE 2017/2018"]
[Site "St. Valentin, Pinggau/Villach/Taufkirchen, Fuerstenfeld, St. Veit"]
[Date "2017.10.27"]
[Round "1"]
[Board "1"]
[White "Korpa, Bence"]
[Black "Gonda, Laszlo"]
[Result "1-0"]
[WhiteElo "2499"]
[BlackElo "2510"]
[PlyCount "125"]
[EventDate "2017.10.27"]
[EventType "team"]
[EventRounds "11"]
[EventCountry "AUT"]
[WhiteTeam "SPG Fuerstenfeld/Hartberg"]
[BlackTeam "ASK St. Valentin"]

1. e4 e6 2. d4 d5 3. Nc3 Bb4 4. e5 c5 5. a3 Bxc3+ 6. bxc3 Qa5 7. Bd2 Qa4 8. Qg4
Kf8 9. Qd1 Ne7 10. Nf3 b6 11. dxc5 bxc5 12. c4 Ba6 13. c3 Qxd1+ 14. Rxd1 Bxc4
15. Bxc4 dxc4 16. Be3 Nd5 17. Bxc5+ Ke8 18. Kd2 Nd7 19. Bd6 N7b6 20. Rb1 Kd7
21. Rb5 Rhd8 22. Kc2 Na4 23. Rb7+ Ke8 24. Ng5 Rd7 25. Rhb1 h6 26. Ne4 Nab6 27.
Rxd7 Kxd7 28. Rb5 Kc6 29. Ra5 Nd7 30. Nc5 N5b6 31. a4 a6 32. Nxa6 Kb7 33. Nc5+
Nxc5 34. Rxc5 Rxa4 35. Rc7+ Ka8 36. Kb2 Ra7 37. Rxa7+ Kxa7 38. Bf8 h5 39. Bxg7
Nd5 40. Bh6 Kb6 41. h4 Kc6 42. Bg5 Nb6 43. Bf6 Kd5 44. Ka3 Ke4 45. g4 Nd5 46.
gxh5 Kf5 47. Kb2 Nf4 48. h6 Kg6 49. Bg7 Nd5 50. Kc2 Kh7 51. Kd2 Kg6 52. h5+ Kh7
53. f3 Kg8 54. Bf6 Kh7 55. Bg5 Kg8 56. Kc2 Kh7 57. Kb2 Kg8 58. Bd2 f6 59. exf6
Nxf6 60. Ka3 e5 61. Kb4 e4 62. fxe4 Nxe4 63. Bf4  1-0

[Event "2. BUNDESLIGA MITTE 2017/2018"]
[Site "St. Valentin, Pinggau/Villach/Taufkirchen, Fuerstenfeld, St. Veit"]
[Date "2017.10.27"]
[Round "1"]
[Board "2"]
[White "Sandhoefner, Florian"]
[Black "Freitag, Manfred"]
[Result "1-0"]
[WhiteElo "2313"]
[BlackElo "2374"]
[PlyCount "85"]
[EventDate "2017.10.27"]
[EventType "team"]
[EventRounds "11"]
[EventCountry "AUT"]
[WhiteTeam "ASK St. Valentin"]
[BlackTeam "SPG Fuerstenfeld/Hartberg"]

1. d4 Nf6 2. c4 g6 3. Nc3 Bg7 4. e4 d6 5. Be2 O-O 6. Nf3 e5 7. O-O Nc6 8. d5
Ne7 9. Ne1 Nd7 10. Be3 f5 11. f3 f4 12. Bf2 g5 13. a4 a5 14. Nd3 b6 15. Nb5 Nf6
16. b4 g4 17. c5 Ng6 18. cxd6 cxd6 19. Rc1 g3 20. hxg3 fxg3 21. Bxg3 Bh6 22.
Rc6 Be3+ 23. Bf2 Bxf2+ 24. Rxf2 Bd7 25. Rxd6 Qb8 26. Rc6 Bxc6 27. dxc6 Qd8 28.
Qb3+ Kh8 29. Bf1 Qe7 30. Rc2 Nh5 31. bxa5 bxa5 32. c7 Nhf4 33. Nxf4 Nxf4 34.
Na7 Qb4 35. Qxb4 axb4 36. c8=Q Rfxc8 37. Nxc8 b3 38. Rb2 Rxc8 39. Rxb3 Rc5 40.
Rb5 Rc1 41. Rxe5 Ra1 42. a5 Nd3 43. Rb5  1-0

[Event "2. BUNDESLIGA MITTE 2017/2018"]
[Site "St. Valentin, Pinggau/Villach/Taufkirchen, Fuerstenfeld, St. Veit"]
[Date "2017.10.27"]
[Round "1"]
[Board "3"]
[White "Poetz, Florian"]
[Black "Hajnal, Zoltan"]
[Result "1/2-1/2"]
[WhiteElo "2385"]
[BlackElo "2390"]
[PlyCount "89"]
[EventDate "2017.10.27"]
[EventType "team"]
[EventRounds "11"]
[EventCountry "AUT"]
[WhiteTeam "SPG Fuerstenfeld/Hartberg"]
[BlackTeam "ASK St. Valentin"]

1. e4 e5 2. Nf3 Nc6 3. Bb5 a6 4. Ba4 Nf6 5. O-O Be7 6. d3 b5 7. Bb3 d6 8. a4
Bd7 9. Re1 O-O 10. Nbd2 Re8 11. Nf1 Na5 12. Ba2 c5 13. Ne3 h6 14. axb5 axb5 15.
Nd5 Nxd5 16. Bxd5 Bc6 17. c3 Bxd5 18. exd5 c4 19. d4 Bf6 20. Be3 Nb3 21. Rxa8
Qxa8 22. dxe5 dxe5 23. d6 Qc6 24. Nd2 Qxd6 25. Ne4 Qe6 26. Nxf6+ Qxf6 27. Qd7
Rb8 28. Rd1 Qa6 29. Qc7 Re8 30. Qd7 Rb8 31. Qe7 Qe6 32. Qxe6 fxe6 33. g4 Ra8
34. Rd6 Kf7 35. Rb6 Ra2 36. Rxb5 Rxb2 37. Rb4 Rc2 38. Rxc4 Nd2 39. Rc7+ Kg6 40.
h3 Ne4 41. c4 Nd6 42. Bc5 Ne4 43. Be3 Nd6 44. Bc5 Ne4 45. Be3  1/2-1/2

[Event "2. BUNDESLIGA MITTE 2017/2018"]
[Site "St. Valentin, Pinggau/Villach/Taufkirchen, Fuerstenfeld, St. Veit"]
[Date "2017.10.27"]
[Round "1"]
[Board "4"]
[White "Heimberger, Reinhard"]
[Black "Kuba, Guenter"]
[Result "1/2-1/2"]
[WhiteElo "2261"]
[BlackElo "2336"]
[PlyCount "71"]
[EventDate "2017.10.27"]
[EventType "team"]
[EventRounds "11"]
[EventCountry "AUT"]
[WhiteTeam "ASK St. Valentin"]
[BlackTeam "SPG Fuerstenfeld/Hartberg"]

1. d4 d5 2. Nf3 Nc6 3. g3 Bg4 4. Bg2 e6 5. O-O Bd6 6. c4 Nf6 7. Nc3 O-O 8. c5
Be7 9. Bf4 b6 10. cxb6 cxb6 11. Rc1 Rc8 12. h3 Bh5 13. g4 Bg6 14. Qa4 Qd7 15.
Nb5 Qb7 16. Nd6 Bxd6 17. Bxd6 Rfd8 18. Bf4 Ne4 19. b4 f6 20. Qb3 Qe7 21. a3 Qd7
22. Qb2 Kh8 23. Nd2 Nd6 24. Bxd6 Qxd6 25. Nb3 Ne7 26. Rxc8 Rxc8 27. Rc1 Qd7 28.
Nd2 h5 29. Bf3 hxg4 30. hxg4 Kg8 31. Rxc8+ Qxc8 32. Nf1 Qc7 33. Qd2 Nc8 34. Ng3
b5 35. Qe3 Kf7 36. g5  1/2-1/2

[Event "2. BUNDESLIGA MITTE 2017/2018"]
[Site "St. Valentin, Pinggau/Villach/Taufkirchen, Fuerstenfeld, St. Veit"]
[Date "2017.10.27"]
[Round "1"]
[Board "5"]
[White "Spindelboeck, Gernot"]
[Black "Theuretzbacher, Klaus"]
[Result "0-1"]
[WhiteElo "2218"]
[BlackElo "2208"]
[PlyCount "120"]
[EventDate "2017.10.27"]
[EventType "team"]
[EventRounds "11"]
[EventCountry "AUT"]
[WhiteTeam "SPG Fuerstenfeld/Hartberg"]
[BlackTeam "ASK St. Valentin"]

1. d4 Nf6 2. c4 c5 3. d5 b5 4. cxb5 e6 5. Nc3 exd5 6. Nxd5 Bb7 7. e4 Nxd5 8.
exd5 Bd6 9. Nf3 O-O 10. Be2 a6 11. O-O Re8 12. bxa6 Nxa6 13. Bc4 Nc7 14. Bg5
Qb8 15. Qd3 Ba6 16. b3 Qb7 17. a4 Reb8 18. Bd2 f6 19. Rfe1 Bxc4 20. bxc4 Qb3
21. Bc3 Na6 22. Reb1 Nb4 23. Qxh7+ Kxh7 24. Rxb3 Ra6 25. Ne1 Rba8 26. Rba3 Re8
27. f3 Kg6 28. g3 Re2 29. a5 Re8 30. Rb1 Rea8 31. Rba1 Bc7 32. Kf1 Kf7 33. Ra4
Bd6 34. Ke2 Rh8 35. h4 Bxg3 36. Bxb4 cxb4 37. Rxb4 Re8+ 38. Kf1 Be5 39. Ra2 Bc3
40. Rb1 Rxa5 41. Rxa5 Bxa5 42. Ng2 Rc8 43. Rc1 Bb4 44. Ke2 Bc5 45. Kd3 Ra8 46.
Rc2 Ra1 47. Ke2 Ra3 48. Ne1 Ke7 49. Nd3 Kd6 50. h5 Bd4 51. Kd2 Ra1 52. Rc1 Ra2+
53. Rc2 Be3+ 54. Kc3 Ra3+ 55. Kb4 Rxd3 56. Ra2 Bc5+ 57. Kb5 Rb3+ 58. Ka4 Rxf3
59. Rg2 Rh3 60. Rxg7 Rxh5  0-1

[Event "2. BUNDESLIGA MITTE 2017/2018"]
[Site "St. Valentin, Pinggau/Villach/Taufkirchen, Fuerstenfeld, St. Veit"]
[Date "2017.10.27"]
[Round "1"]
[Board "6"]
[White "Tober, Gerhard"]
[Black "Stradner, Stefan"]
[Result "0-1"]
[WhiteElo "2214"]
[BlackElo "2179"]
[PlyCount "78"]
[EventDate "2017.10.27"]
[EventType "team"]
[EventRounds "11"]
[EventCountry "AUT"]
[WhiteTeam "ASK St. Valentin"]
[BlackTeam "SPG Fuerstenfeld/Hartberg"]

1. e4 e6 2. d4 d5 3. Nc3 Bb4 4. exd5 exd5 5. Bd3 Nc6 6. a3 Bxc3+ 7. bxc3 Nf6 8.
Ne2 O-O 9. O-O Na5 10. Bg5 h6 11. Bf4 Nh5 12. Bc1 Qd6 13. Ng3 Nxg3 14. hxg3 Nc4
15. Qh5 f5 16. Bf4 Qc6 17. Rae1 Be6 18. Re2 Nb2 19. Bb5 Bf7 20. Bxc6 Bxh5 21.
Bxd5+ Bf7 22. Bb3 a5 23. a4 c6 24. Rb1 Nc4 25. Re7 b5 26. Rb7 g5 27. Be5 Nxe5
28. dxe5 bxa4 29. Bxa4 Bd5 30. Rc7 Rf7 31. Bxc6 Bxc6 32. Rxc6 a4 33. Rcb6 Kg7
34. R1b2 f4 35. gxf4 gxf4 36. Ra2 Ra5 37. e6 Re7 38. Rb4 Rxe6 39. Rbxa4 Re1+
 0-1

[Event "2. BUNDESLIGA MITTE 2017/2018"]
[Site "St. Valentin, Pinggau/Villach/Taufkirchen, Fuerstenfeld, St. Veit"]
[Date "2017.10.27"]
[Round "1"]
[Board "1"]
[White "Wertjanz, David"]
[Black "Berczes, David"]
[Result "0-1"]
[WhiteElo "2338"]
[BlackElo "2499"]
[PlyCount "76"]
[EventDate "2017.10.27"]
[EventType "team"]
[EventRounds "11"]
[EventCountry "AUT"]
[WhiteTeam "SC DieKlagenfurter"]
[BlackTeam "Leoben"]

1. e4 e5 2. Nf3 Nc6 3. Bb5 a6 4. Ba4 g6 5. O-O Bg7 6. c3 Nge7 7. d4 exd4 8.
cxd4 b5 9. Bb3 O-O 10. Nc3 Na5 11. Bc2 d6 12. h3 Bb7 13. Bf4 Qd7 14. Rc1 Nc4
15. b3 Nb6 16. Qd3 f5 17. e5 Ned5 18. Nxd5 Nxd5 19. Bd2 c5 20. exd6 Nb4 21.
Bxb4 cxb4 22. Bb1 Qxd6 23. Rc5 Rad8 24. Rfc1 Rfe8 25. a3 Be4 26. Qd1 Bxb1 27.
Rc6 Qd5 28. R6c5 Qd6 29. Rc6 Qd5 30. R6c5 Qe4 31. Rxb1 Bxd4 32. Nxd4 Rxd4 33.
Qc1 bxa3 34. Rc7 Red8 35. Ra1 Qe2 36. Qc3 Qb2 37. b4 Qxc3 38. Rxc3 Rd1+  0-1

[Event "2. BUNDESLIGA MITTE 2017/2018"]
[Site "St. Valentin, Pinggau/Villach/Taufkirchen, Fuerstenfeld, St. Veit"]
[Date "2017.10.27"]
[Round "1"]
[Board "2"]
[White "Farago, Ivan"]
[Black "Singer, Hans"]
[Result "1-0"]
[WhiteElo "2366"]
[BlackElo "2175"]
[PlyCount "67"]
[EventDate "2017.10.27"]
[EventType "team"]
[EventRounds "11"]
[EventCountry "AUT"]
[WhiteTeam "Leoben"]
[BlackTeam "SC DieKlagenfurter"]

1. d4 d5 2. c4 e6 3. Nc3 Nf6 4. Nf3 Be7 5. Bf4 O-O 6. e3 c5 7. dxc5 Bxc5 8.
cxd5 Nxd5 9. Nxd5 exd5 10. a3 Nc6 11. Bd3 Be7 12. O-O Bf6 13. Qc2 h6 14. Rad1
Be6 15. b4 Rc8 16. Qe2 Re8 17. Bb1 Bg4 18. h3 Bxf3 19. Qxf3 d4 20. Bf5 Ra8 21.
b5 Ne7 22. Be4 Qb6 23. Bxb7 Rad8 24. Bc6 Rf8 25. Bxh6 Nxc6 26. bxc6 Rd6 27.
exd4 Bxd4 28. Be3 Rfd8 29. c7 Qxc7 30. Bf4 Qb6 31. Bxd6 Rxd6 32. Rd2 g6 33.
Rfd1 Qd8 34. g3  1-0

[Event "2. BUNDESLIGA MITTE 2017/2018"]
[Site "St. Valentin, Pinggau/Villach/Taufkirchen, Fuerstenfeld, St. Veit"]
[Date "2017.10.27"]
[Round "1"]
[Board "3"]
[White "Genser, Harald"]
[Black "Horvath, Peter"]
[Result "1/2-1/2"]
[WhiteElo "2296"]
[BlackElo "2421"]
[PlyCount "82"]
[EventDate "2017.10.27"]
[EventType "team"]
[EventRounds "11"]
[EventCountry "AUT"]
[WhiteTeam "SC DieKlagenfurter"]
[BlackTeam "Leoben"]

1. d4 d5 2. Nf3 Nf6 3. c4 e6 4. e3 Be7 5. b3 O-O 6. Bd3 b6 7. Nc3 Bb7 8. O-O
Nbd7 9. cxd5 exd5 10. Bb2 a6 11. Ne2 Ne4 12. Ne5 Bd6 13. f3 Nef6 14. Ng3 Re8
15. f4 Nf8 16. Qf3 Ng6 17. Rac1 c5 18. Rc2 Ra7 19. Qd1 Ne4 20. Nxe4 dxe4 21.
Bc4 Ba8 22. Nxg6 hxg6 23. a4 Bc6 24. Qe2 a5 25. Qg4 cxd4 26. Bxd4 Bc5 27. Bxc5
bxc5 28. Qxg6 Bd5 29. Qg5 Qxg5 30. fxg5 Bxc4 31. Rxc4 Re5 32. Rf4 Rb7 33. Rcxe4
Rxg5 34. h4 Rd5 35. Re8+ Kh7 36. e4 Rd4 37. Rf5 Rxb3 38. Rh5+ Kg6 39. Rg5+ Kh7
40. Rh5+ Kg6 41. Rg5+ Kh7  1/2-1/2

[Event "2. BUNDESLIGA MITTE 2017/2018"]
[Site "St. Valentin, Pinggau/Villach/Taufkirchen, Fuerstenfeld, St. Veit"]
[Date "2017.10.27"]
[Round "1"]
[Board "4"]
[White "Sandner, Wolfgang"]
[Black "Petschar, Kurt"]
[Result "0-1"]
[WhiteElo "2259"]
[BlackElo "2269"]
[PlyCount "62"]
[EventDate "2017.10.27"]
[EventType "team"]
[EventRounds "11"]
[EventCountry "AUT"]
[WhiteTeam "Leoben"]
[BlackTeam "SC DieKlagenfurter"]

1. e4 c5 2. Nf3 Nc6 3. Bb5 d6 4. Bxc6+ bxc6 5. O-O e5 6. d3 Ne7 7. h3 Ng6 8.
Re1 Be7 9. Nbd2 O-O 10. c3 Be6 11. Nf1 a5 12. g4 Nh4 13. N1h2 Nxf3+ 14. Nxf3 a4
15. c4 h5 16. gxh5 Bxh3 17. h6 g6 18. Kh2 Bg4 19. Kg3 Bh5 20. Rh1 f5 21. h7+
Kh8 22. Qd2 fxe4 23. Ng1 Qd7 24. Kg2 Rf4 25. Rh2 Raf8 26. Kf1 exd3 27. Qe1 Rh4
28. Rxh4 Bxh4 29. Be3 Qf5 30. b3 a3 31. Rc1 Kxh7  0-1

[Event "2. BUNDESLIGA MITTE 2017/2018"]
[Site "St. Valentin, Pinggau/Villach/Taufkirchen, Fuerstenfeld, St. Veit"]
[Date "2017.10.27"]
[Round "1"]
[Board "5"]
[White "Titz, Heimo"]
[Black "Bachler, Reinhard"]
[Result "0-1"]
[WhiteElo "2137"]
[BlackElo "2179"]
[PlyCount "106"]
[EventDate "2017.10.27"]
[EventType "team"]
[EventRounds "11"]
[EventCountry "AUT"]
[WhiteTeam "SC DieKlagenfurter"]
[BlackTeam "Leoben"]

1. c4 e6 2. d4 f5 3. g3 Nf6 4. Bg2 d5 5. Nf3 c6 6. O-O Be7 7. b3 O-O 8. Ba3 Ne4
9. Bxe7 Qxe7 10. Qd3 a5 11. Nc3 a4 12. Ne5 Nd7 13. Nxd7 Bxd7 14. f3 Nxc3 15.
Qxc3 f4 16. b4 b5 17. c5 Rae8 18. gxf4 Rxf4 19. e3 Rh4 20. f4 Rf8 21. Rf3 Rf6
22. Raf1 Rfh6 23. h3 e5 24. Kh2 e4 25. Rg3 Bf5 26. Rh1 Qe6 27. Kg1 Bxh3 28. Rh2
Bg4 29. Rxh4 Rxh4 30. Kf1 Qf5 31. Kg1 Qh5 32. Qe1 h6 33. Kf2 Kh7 34. Qg1 g6 35.
Ke1 Bd1 36. Bf1 Rh1 37. Qf2 Bf3 38. Kd2 Qh2 39. Qxh2 Rxh2+ 40. Kc3 Bd1 41. Rg2
Rxg2 42. Bxg2 h5 43. Kd2 Bg4 44. Ke1 a3 45. Kf2 h4 46. Bf1 Kh6 47. Ke1 Kh5 48.
Kf2 g5 49. fxg5 Kxg5 50. Ke1 h3 51. Kf2 Kh4 52. Kg1 Kg3 53. Bg2 Bf3  0-1

[Event "2. BUNDESLIGA MITTE 2017/2018"]
[Site "St. Valentin, Pinggau/Villach/Taufkirchen, Fuerstenfeld, St. Veit"]
[Date "2017.10.27"]
[Round "1"]
[Board "1"]
[White "Velicka, Petr"]
[Black "Riemelmoser, Franz"]
[Result "1-0"]
[WhiteElo "2412"]
[BlackElo "2346"]
[PlyCount "63"]
[EventDate "2017.10.27"]
[EventType "team"]
[EventRounds "11"]
[EventCountry "AUT"]
[WhiteTeam "SV Steyregg"]
[BlackTeam "ESV ASKOE Admira Villach"]

1. e4 e6 2. d4 d5 3. Nd2 Nf6 4. e5 Nfd7 5. Bd3 c5 6. c3 Nc6 7. Ne2 cxd4 8. cxd4
f6 9. exf6 Nxf6 10. Nf3 Bd6 11. Bf4 Qa5+ 12. Qd2 Qxd2+ 13. Bxd2 O-O 14. O-O Nb4
15. Bb1 Bd7 16. Nc3 Ng4 17. Re1 Rxf3 18. gxf3 Nxh2 19. Kg2 Rf8 20. Rh1 Nxf3 21.
Bxh7+ Kh8 22. Bg6+ Kg8 23. Rh3 Nxd2 24. Rah1 Rxf2+ 25. Kxf2 Kf8 26. Ke2 Ne4 27.
Nxe4 dxe4 28. Rf1+ Ke7 29. Rf7+ Kd8 30. Bxe4 Nd5 31. Bxd5 exd5 32. Rh7  1-0

[Event "2. BUNDESLIGA MITTE 2017/2018"]
[Site "St. Valentin, Pinggau/Villach/Taufkirchen, Fuerstenfeld, St. Veit"]
[Date "2017.10.27"]
[Round "1"]
[Board "2"]
[White "Reichmann, Egon"]
[Black "Szotkowski, Jakub"]
[Result "1/2-1/2"]
[WhiteElo "2265"]
[BlackElo "2342"]
[PlyCount "92"]
[EventDate "2017.10.27"]
[EventType "team"]
[EventRounds "11"]
[EventCountry "AUT"]
[WhiteTeam "ESV ASKOE Admira Villach"]
[BlackTeam "SV Steyregg"]

1. d4 Nf6 2. Nf3 c5 3. d5 g6 4. Nc3 d6 5. e4 Bg4 6. Be2 Bg7 7. O-O O-O 8. Nd2
Bxe2 9. Qxe2 Nbd7 10. Nc4 Ne8 11. Bg5 Nc7 12. a4 Qe8 13. Qd2 f6 14. Bh4 Qf7 15.
Rae1 a6 16. a5 Nb5 17. Na4 Ne5 18. Ne3 f5 19. exf5 gxf5 20. f4 Ng6 21. Bg3 Rae8
22. Nc4 Bd4+ 23. Bf2 Qxd5 24. Nab6 Qf7 25. Bxd4 cxd4 26. c3 e5 27. cxd4 e4 28.
Ne3 Qg7 29. Rd1 Ne7 30. d5 Nc8 31. Rc1 Nxb6 32. axb6 Kh8 33. Kh1 Qf6 34. Rc4
Rc8 35. Rxc8 Rxc8 36. Rc1 Rf8 37. Rc4 h5 38. Qc1 Kh7 39. Rc8 Qh8 40. Rxf8 Qxf8
41. h3 Kg6 42. Kh2 h4 43. b4 Qh8 44. Qe1 Qh6 45. Qf2 Qh8 46. Nc4 Qf6  1/2-1/2

[Event "2. BUNDESLIGA MITTE 2017/2018"]
[Site "St. Valentin, Pinggau/Villach/Taufkirchen, Fuerstenfeld, St. Veit"]
[Date "2017.10.27"]
[Round "1"]
[Board "3"]
[White "Enoeckl, Philipp"]
[Black "Perhinig, Robert"]
[Result "1/2-1/2"]
[WhiteElo "2298"]
[BlackElo "2264"]
[PlyCount "67"]
[EventDate "2017.10.27"]
[EventType "team"]
[EventRounds "11"]
[EventCountry "AUT"]
[WhiteTeam "SV Steyregg"]
[BlackTeam "ESV ASKOE Admira Villach"]

1. d4 d5 2. c4 c6 3. Nf3 Nf6 4. e3 g6 5. b3 Bg7 6. Bb2 O-O 7. Nbd2 Nbd7 8. Bd3
e5 9. cxd5 cxd5 10. Nxe5 Nxe5 11. dxe5 Ng4 12. Nf3 Qa5+ 13. Ke2 Re8 14. Qe1 Qd8
15. Qb4 Nxe5 16. Nxe5 Bxe5 17. Bxe5 Rxe5 18. Qf4 Qe7 19. Rhd1 Bf5 20. Bxf5 Rxf5
21. Qd4 Qd6 22. g3 Qa6+ 23. Ke1 Re8 24. Rd2 Re4 25. Qc3 Rfe5 26. Rd4 Qe6 27.
Rxe4 dxe4 28. Rd1 Rd5 29. Rd4 Qe5 30. Rc4 Qxc3+ 31. Rxc3 Rd7 32. g4 Kg7 33. Rc4
Kf6 34. Ke2  1/2-1/2

[Event "2. BUNDESLIGA MITTE 2017/2018"]
[Site "St. Valentin, Pinggau/Villach/Taufkirchen, Fuerstenfeld, St. Veit"]
[Date "2017.10.27"]
[Round "1"]
[Board "4"]
[White "Heindl, Matthias"]
[Black "Pierecker, Markus"]
[Result "1/2-1/2"]
[WhiteElo "2180"]
[BlackElo "2204"]
[PlyCount "109"]
[EventDate "2017.10.27"]
[EventType "team"]
[EventRounds "11"]
[EventCountry "AUT"]
[WhiteTeam "ESV ASKOE Admira Villach"]
[BlackTeam "SV Steyregg"]

1. Nf3 Nf6 2. g3 d5 3. Bg2 c6 4. O-O Bg4 5. d4 e6 6. c4 Nbd7 7. b3 Be7 8. Bb2
O-O 9. Nc3 a5 10. h3 Bh5 11. g4 Bg6 12. Nh4 Ne8 13. Nxg6 hxg6 14. e4 dxe4 15.
Nxe4 Nef6 16. Ng3 a4 17. Qf3 Qa5 18. h4 Rfd8 19. g5 Ne8 20. Rad1 axb3 21. axb3
Qb6 22. Rfe1 Ra2 23. Re2 Nc5 24. Rb1 Nd7 25. Bh3 Nc7 26. Re4 Nf8 27. Rf4 f5 28.
gxf6 Bxf6 29. Rxf6 gxf6 30. Qxf6 Rxb2 31. Rxb2 Qxd4 32. Ne4 Qxf6 33. Nxf6+ Kg7
34. Ne4 Rd4 35. f3 Nd7 36. Kf2 Nf6 37. Ke3 e5 38. Bc8 Nxe4 39. fxe4 b6 40. Ra2
Rd8 41. Bg4 Kf6 42. Ra7 Ne6 43. Bxe6 Kxe6 44. Rb7 Rh8 45. Rxb6 Kd6 46. b4 Kc7
47. Ra6 Rxh4 48. b5 cxb5 49. cxb5 Rh3+ 50. Kd2 Rb3 51. Rxg6 Rxb5 52. Kc3 Kd7
53. Ra6 Rc5+ 54. Kd3 Ke7 55. Rb6  1/2-1/2